Scotland General Knowledge - Multiple Choice - Statistics

General Stats
  • This quiz has been taken 449 times
  • The average score is 9 of 15
Answer Stats
Question Answer % Correct
What is the capital city of Scotland ? Edinburgh
100%
Which mythical creature is the National Animal of Scotland ? Unicorn
96%
In the film "Braveheart", Mel Gibson portrays which well known hero ? William Wallace
91%
What is Arthur's Seat ? Extinct Volcano
81%
Up Helly Aa is a festival in Shetland celebrating the heritage of which race ? Viking
77%
What sporting equipment is traditionally made from material sourced on the island of Ailsa Craig ? Curling Stones
74%
Novelist and playwright J.M.Barrie is best known for the creation of which character ? Peter Pan
66%
Which drink, originally made by monks in Devon, has been blamed for antisocial behavior around Glasgow ? Buckfast Tonic Wine
57%
Which soccer team is based in Dumfries ? Queen of the South FC
55%
Which area is immortalised in a song by Paul McCartney ? Mull of Kintyre
51%
Which isolated archipelago was inhabited for around 2000 years until it's evacuation in 1930 ? St Kilda
49%
Which town was the setting for the Childrens TV series "Balamory" ? Tobermory
49%
The Old Course at St Andrews is thought to be the oldest golf course in the world. It was first played in the early part of which century ? 15th
38%
The wreck of which ship inspired the book and film "Whisky Galore" ? S.S. Politician
17%
Loch Ness is famous for it's "monster", but how many other lochs have monster legends ? Twelve
11%
No matching quizzes found
Score Distribution
Percent of People with Each Score
Percentile by Number Answered
Your Score History
You have not taken this quiz